000 00296nam a2200145Ia 4500
100 _aRAJPUT/R.K.
650 _aAUTOMOBILE
942 _cBK
366 _f20
245 _aAutomobile engineering
260 _bLAXMI PUBL.
_aBENGALURU
082 _a629.24/RAJ
546 _aENGLISH
999 _c25588
_d25588